00178nam a22000857a 4500040000800000082001300008100002300021245003800044300001000082 cdlc a891.4398 aAman Ullah Nayyar  aHansein Hansaein warna Muskuraain a240;p